[Event "Tula1"]
[Site "?"]
[Date "2001.??.??"]
[Round "2"]
[White "Pushkov Nikolai"]
[Black "Tishin Petr"]
[Result "1-0"]
[WhiteElo "2546"]
[BlackElo "2445"]
[PlyCount "161"]
[EventDate "2001.??.??"]
[Source "www.chesslib.no"]
[SourceDate "2004.05.04"]

1. d4 d5 2. Nf3 Nc6 3. e3 Bg4 4. Nbd2 e5 5. dxe5 Nxe5 6. Be2 Nxf3+ 7. Bxf3 Bxf3 8. Qxf3 Nf6 9. O-O Qd7 10. b3 Bb4 11. Rd1 Bc3 12. Rb1 O-O-O 13. Bb2 Bxb2 14. Rxb2 Qe6 15. Rbb1 Rhe8 16. c3 Rd7 17. Rbc1 Ne4 18. Qe2 Red8 19. Nf3 Kb8 20. Nd4 Qf6 21. Qc2 c5 22. Nf3 Qe6 23. b4 Rc8 24. Qd3 g5 25. bxc5 g4 26. c6 bxc6 27. Rb1+ Ka8 28. Qa6 Rdc7 29. Nd4 Qf6 30. Rb2 c5 31. Qxf6 Nxf6 32. Nf5 Rb8 33. Rc2 Rcb7 34. f3 gxf3 35. gxf3 Rb2 36. Rdd2 Rg8+ 37. Kf2 Rb1 38. Ng3 h5 39. h4 Kb7 40. Rb2+ Rxb2 41. Rxb2+ Kc6 42. Nf5 Re8 43. Kg3 Nd7 44. Kf4 Ne5 45. Rd2 c4 46. e4 Nd3+ 47. Ke3 dxe4 48. fxe4 a5 49. Rd1 a4 50. Nd4+ Kd6 51. Rf1 Ne5 52. Rf6+ Kd7 53. Rf5 f6 54. Rxh5 Ng4+ 55. Kf4 Nf2 56. Rd5+ Kc8 57. Rc5+ Kb7 58. Rxc4 a3 59. Nf5 Ra8 60. Rd4 Rg8 61. Rd2 Nh3+ 62. Ke3 Kb6 63. Rd6+ Ka5 64. Rd5+ Ka4 65. Rd7 Kb5 66. Ra7 Rg1 67. Rxa3 Re1+ 68. Kf3 Rd1 69. c4+ Kb6 70. Rc3 Kc5 71. a3 Rd2 72. Ke3 Ra2 73. Nd4 Rh2 74. Rc2 Rh1 75. Nb3+ Kc6 76. c5 Ng1 77. Nd4+ Kc7 78. Kf2 Rxh4 79. Kxg1 Rxe4 80. Rc4 Re3 81. a4 1-0

[Event "Open"]
[Site "Oberwart"]
[Date "2004.07.14"]
[Round "5.1"]
[White "Riazantsev, Alexander"]
[Black "Jurkovic, Hrvoje"]
[Result "1/2-1/2"]
[WhiteElo "2556"]
[BlackElo "2432"]
[PlyCount "33"]
[EventDate "2004.07.10"]
[Source "Roberto Alvarez"]
[SourceDate "2004.08.17"]

1. d4 d5 2. Nf3 Nc6 3. Bf4 Bg4 4. e3 f6 5. Be2 e5 6. Bg3 e4 7. Nfd2 Bxe2 8. Qxe2 h5 9. h3 h4 10. Bh2 f5 11. O-O Bd6 12. Bxd6 Qxd6 13. c4 Nf6 14. Nc3 O-O-O 15. Rac1 Nb4 16. cxd5 Nd3 17. Rc2 1/2-1/2

[Event "otb"]
[Site "otb"]
[Date "2007.04.21"]
[Round "3"]
[White "Campora Daniel Hugo"]
[Black "Llaneza Vega Marcos"]
[Result "1-0"]
[WhiteElo "2532"]
[BlackElo "2455"]
[PlyCount "83"]
[Source "www.chesslib.no"]
[SourceDate "2004.05.04"]

1. d4 d5 2. Nf3 Nc6 3. g3 Bg4 4. Bg2 Nf6 5. Ne5 Bh5 6. Nxc6 bxc6 7. c4 e6 8. Qa4 Qd7 9. Nc3 c5 10. cxd5 exd5 11. dxc5 Bxc5 12. Qxd7+ Kxd7 13. Nxd5 Nxd5 14. Bxd5 Rhe8 15. e3 Bb4+ 16. Bd2 Bxd2+ 17. Kxd2 Rad8 18. Kc3 Kc8 19. Bc4 Rd6 20. Rhc1 Red8 21. b3 Bg6 22. Re1 Be4 23. h4 f6 24. a3 g5 25. Ra2 gxh4 26. gxh4 f5 27. f4 Rg6 28. Rd2 Rxd2 29. Kxd2 Rh6 30. Rg1 Rxh4 31. Rg7 h5 32. Kc3 Rg4 33. Rh7 h4 34. Kd4 Kd8 35. Be6 Rg3 36. Rxh4 c5+ 37. Kxc5 Rxe3 38. Rh7 Bc2 39. Kd6 Rd3+ 40. Bd5 Rxd5+ 41. Kxd5 Bxb3+ 42. Kd6 1-0

[Event "inAUTOmarket Open"]
[Site "?"]
[Date "2005.07.17"]
[Round "8"]
[White "Maiorov Nikita"]
[Black "Novikov Stanislav"]
[Result "1/2-1/2"]
[WhiteElo "2453"]
[BlackElo "2534"]
[PlyCount "23"]
[EventDate "2005.??.??"]
[Source "www.chesslib.no"]
[SourceDate "2004.05.04"]

1. d4 d5 2. Nf3 Nc6 3. Bf4 Bg4 4. e3 e6 5. c4 Bd6 6. Bxd6 Qxd6 7. Nc3 Nf6 8. Be2 O-O 9. O-O dxc4 10. Bxc4 e5 11. dxe5 Nxe5 12. Qxd6 1/2-1/2

[Event "Russia Cup GP 6"]
[Site "?"]
[Date "1997.03.18"]
[Round "8"]
[White "Zakharevich Igor"]
[Black "Bigaliev Renat"]
[Result "1-0"]
[WhiteElo "2505"]
[BlackElo "2480"]
[PlyCount "87"]
[EventDate "1997.??.??"]
[Source "www.chesslib.no"]
[SourceDate "2004.05.04"]

1. d4 d5 2. Nf3 Nc6 3. g3 Bg4 4. Bg2 e6 5. O-O Nf6 6. c4 Bd6 7. cxd5 exd5 8. Nc3 Qd7 9. Bg5 Ne4 10. Be3 Nxc3 11. bxc3 Na5 12. Nd2 O-O 13. Bxd5 Bxg3 14. Bg2 Bd6 15. f3 Be6 16. Bf2 f5 17. e4 fxe4 18. fxe4 Bf4 19. Bg3 Be3+ 20. Kh1 c6 21. Qe2 Bxd2 22. Qxd2 Bh3 23. Qd3 Bxg2+ 24. Kxg2 Qe6 25. d5 cxd5 26. exd5 Qd7 27. Rxf8+ Rxf8 28. Re1 b5 29. d6 Qc6+ 30. Qe4 Qxe4+ 31. Rxe4 Rd8 32. a4 a6 33. axb5 axb5 34. Re7 Kf8 35. Rc7 Nc4 36. Bh4 Rxd6 37. Be7+ Kg8 38. Bxd6 Nxd6 39. Rc6 Ne4 40. Kf3 Nd2+ 41. Ke2 Ne4 42. Ke3 Nf6 43. h3 Kf7 44. Rc5 1-0

[Event "op 8th"]
[Site "Bad Zwesten"]
[Date "2004.01.06"]
[Round "7"]
[White "Schneider, Alexander"]
[Black "Karpatchev, Aleksandr"]
[Result "1/2-1/2"]
[WhiteElo "2522"]
[BlackElo "2459"]
[PlyCount "98"]
[EventDate "2004.01.??"]
[Source "Roberto Alvarez"]
[SourceDate "2004.03.29"]

1. d4 d5 2. Nf3 Nc6 3. g3 Bg4 4. Bg2 e6 5. O-O Nf6 6. c4 Bd6 7. cxd5 Nxd5 8. e4 Nb6 9. h3 Bh5 10. b3 O-O 11. Bb2 f5 12. Nbd2 Bb4 13. exf5 exf5 14. Nc4 Nd5 15. Qd3 f4 16. Nce5 Nxe5 17. Nxe5 c6 18. Be4 fxg3 19. Bxh7+ Kh8 20. fxg3 Qg5 21. h4 Qe3+ 22. Qxe3 Rxf1+ 23. Rxf1 Nxe3 24. Be4 Nxf1 25. Kxf1 Bd6 26. Kf2 Rf8+ 27. Ke3 Rf1 28. Bc3 Kg8 29. Bd3 Rg1 30. Kf4 Kf8 31. Bf5 Rc1 32. Bd2 Rd1 33. Be3 Bf7 34. g4 Rf1+ 35. Ke4 Re1 36. Nxf7 Kxf7 37. h5 Ra1 38. a4 Rb1 39. d5 Rxb3 40. Be6+ Ke8 41. dxc6 Rb4+ 42. Kd5 Bg3 43. Bd7+ Kd8 44. Bd4 Kc7 45. Bxg7 bxc6+ 46. Bxc6 Rxg4 47. Bf6 Bf4 48. Be8 Bh6 49. Bb5 a6 1/2-1/2

[Event "JUG-ch"]
[Site "JUG"]
[Date "1989.??.??"]
[Round "?"]
[White "Kovacevic, Vlatko"]
[Black "Maksimovic, Branimir"]
[Result "1-0"]
[WhiteElo "2545"]
[BlackElo "2425"]
[PlyCount "57"]
[EventDate "1989.02.??"]
[Source "ChessBase"]

1. d4 d5 2. Nf3 Nc6 3. g3 Bg4 4. Bg2 e6 5. O-O Nf6 6. c4 Be7 7. Ne5 Bh5 8. Nc3 O-O 9. h3 Rb8 10. cxd5 Nxd5 11. Nxc6 bxc6 12. Na4 Rb4 13. g4 Bg6 14. e3 Bd6 15. f4 Rc4 16. Rf2 h5 17. b3 Rxa4 18. bxa4 hxg4 19. hxg4 Nc3 20. Qe1 Ne4 21. Rf1 Be7 22. Bd2 Bh4 23. Qd1 Ng3 24. Rf3 Bd3 25. Rxg3 Bxg3 26. Bb4 Ba6 27. g5 Qb8 28. Rb1 Re8 29. Be1 1-0

[Event "3rd Subasic Mem"]
[Site "Zenica"]
[Date "2004.12.11"]
[Round "9"]
[White "Cebalo, Miso"]
[Black "Jurkovic, Hrvoje"]
[Result "1/2-1/2"]
[WhiteElo "2520"]
[BlackElo "2448"]
[PlyCount "89"]
[EventDate "2004.12.05"]
[Source "Roberto Alvarez"]
[SourceDate "2004.12.13"]

1. d4 d5 2. Nf3 Nc6 3. Bf4 Bg4 4. e3 f6 5. Be2 e5 6. Bg3 e4 7. Nfd2 Bxe2 8. Qxe2 h5 9. h3 h4 10. Bh2 f5 11. a3 Bd6 12. Bxd6 Qxd6 13. c4 Qg6 14. Nc3 dxc4 15. O-O-O a6 16. Nxc4 b5 17. d5 Nge7 18. dxc6 bxc4 19. Qxc4 Qxc6 20. Qxc6+ Nxc6 21. Rd5 Ne7 22. Re5 Rd8 23. Rd1 Kf7 24. Rc5 Rxd1+ 25. Kxd1 Rd8+ 26. Ke2 Rd7 27. f3 exf3+ 28. Kxf3 c6 29. Ke2 Rd6 30. Ra5 Rg6 31. Kf3 Rd6 32. Ne2 Rd2 33. b4 g5 34. Nd4 f4 35. Rxg5 fxe3 36. Kxe3 Ra2 37. Ke4 Rxa3 38. Ra5 Rxa5 39. bxa5 c5 40. Nf3 Ke6 41. Nxh4 Nc6 42. Nf5 Nxa5 43. Ne3 Nb7 44. h4 a5 45. h5 1/2-1/2

[Event "US op"]
[Site "Alexandria"]
[Date "1996.??.??"]
[Round "8"]
[White "Yermolinsky, Alex"]
[Black "Reprintsev, Alexander"]
[Result "1-0"]
[WhiteElo "2565"]
[BlackElo "2400"]
[PlyCount "41"]
[EventDate "1996.??.??"]
[Source "www.chesslib.no"]
[SourceDate "2004.05.04"]

1. d4 d5 2. Nf3 Nc6 3. g3 Bg4 4. Bg2 Qd7 5. h3 Bh5 6. O-O e6 7. c4 f5 8. cxd5 exd5 9. Nc3 O-O-O 10. Bf4 Nf6 11. Rc1 Ne4 12. Nb5 Bxf3 13. Bxf3 Bd6 14. Qa4 Kb8 15. Rxc6 Qxc6 16. Qxa7+ Kc8 17. Bxe4 fxe4 18. Nxd6+ Kd7 19. Rc1 Ra8 20. Qxb7 Qxb7 21. Nxb7 1-0

[Event "PHI-ch"]
[Site "Quezon City"]
[Date "2001.04.08"]
[Round "7"]
[White "Villamayor, Bong"]
[Black "Gonzales, Jayson"]
[Result "0-1"]
[WhiteElo "2560"]
[BlackElo "2396"]
[PlyCount "80"]
[EventDate "2001.04.02"]
[Source "ChessBase"]
[SourceDate "2001.05.06"]

1. d4 d5 2. Nf3 Nc6 3. g3 Bg4 4. Bg2 Qd7 5. h3 Bf5 6. Ne5 Nxe5 7. dxe5 O-O-O 8. Nc3 e6 9. e4 dxe4 10. Qxd7+ Rxd7 11. Nxe4 f6 12. Bf4 Rd4 13. Nd2 Bxc2 14. Rc1 Bd3 15. exf6 Rd7 16. Be4 Ba6 17. fxg7 Bxg7 18. Nc4 Nf6 19. Bb1 Nd5 20. Be5 Bh6 21. f4 Rg8 22. Kf2 Bf8 23. Rhd1 h5 24. Kf3 Bg7 25. Bxg7 Rdxg7 26. Rg1 h4 27. g4 Rf8 28. f5 Bxc4 29. Rxc4 exf5 30. g5 f4 31. Be4 Ne3 32. Rc5 b6 33. Rc6 Kd7 34. b3 Nf5 35. Rd1+ Nd6 36. Rdc1 Kd8 37. Rd1 Rxg5 38. Kf2 Rg3 39. Bf3 Rxh3 40. Rdc1 Rf7 0-1

[Event "Calarasi Team Ch"]
[Site "Calarasi Rome ChT"]
[Date "1995.??.??"]
[Round "9"]
[White "Dumitrache, Dragos"]
[Black "Popescu, Daniel Dorin"]
[Result "1-0"]
[WhiteElo "2530"]
[BlackElo "2425"]
[PlyCount "97"]
[EventDate "1995.??.??"]
[Source "www.chesslib.no"]
[SourceDate "2004.05.04"]

1. d4 d5 2. Nf3 Nc6 3. g3 g6 4. Bg2 Bg7 5. c3 e6 6. Nbd2 Nge7 7. e4 dxe4 8. Nxe4 h6 9. Bf4 O-O 10. Ne5 g5 11. Nxc6 Nxc6 12. Be3 e5 13. d5 Ne7 14. Bc5 Re8 15. Bxe7 Qxe7 16. g4 Rf8 17. h3 f5 18. d6 cxd6 19. Qxd6 Qxd6 20. Nxd6 fxg4 21. Bd5+ Kh8 22. Nxc8 Raxc8 23. hxg4 Rfd8 24. O-O-O b6 25. Be6 Rb8 26. Rhe1 Bf6 27. Re4 Rxd1+ 28. Kxd1 Rd8+ 29. Kc2 Be7 30. Rxe5 Bc5 31. f3 Re8 32. Re4 Kg7 33. Bf5 Rxe4 34. fxe4 Kf6 35. Kd3 Ke5 36. Kc4 a6 37. Bc8 a5 38. Bf5 Be3 39. Kb5 Kd6 40. b4 axb4 41. cxb4 Bd4 42. a4 Be3 43. Ka6 Ke5 44. Kb5 Bd4 45. a5 bxa5 46. bxa5 h5 47. gxh5 g4 48. h6 g3 49. h7 1-0

[Event "FRA-chT"]
[Site "France"]
[Date "2002.05.01"]
[Round "8.5"]
[White "Sulava, Nenad"]
[Black "Marzolo, Cyril"]
[Result "1-0"]
[WhiteElo "2552"]
[BlackElo "2403"]
[PlyCount "55"]
[EventDate "2002.02.01"]
[Source "ChessBase"]
[SourceDate "2002.07.08"]

1. d4 d5 2. Nf3 Nc6 3. e3 Bg4 4. Bb5 e6 5. Bxc6+ bxc6 6. c4 Nf6 7. Qa4 Bxf3 8. Qxc6+ Nd7 9. gxf3 Rb8 10. cxd5 Rb6 11. Qc4 Rb4 12. Qc2 exd5 13. Bd2 Rc4 14. Bc3 Bd6 15. Nd2 Rc6 16. Qf5 Nb6 17. Ke2 g6 18. Qd3 O-O 19. h4 Re8 20. h5 Bf4 21. Rag1 Rf6 22. Kf1 Bd6 23. b3 Qe7 24. f4 Nd7 25. Nf3 Nf8 26. Ne5 Bxe5 27. dxe5 Rc6 28. hxg6 1-0

[Event "3rd Golden Autumn, Alushta UKR"]
[Site "?"]
[Date "2001.??.??"]
[Round "?"]
[White "Belikov, V."]
[Black "Tishin, P."]
[Result "1/2-1/2"]
[WhiteElo "2485"]
[BlackElo "2470"]
[PlyCount "96"]
[EventDate "2001.??.??"]
[Source "www.chesslib.no"]
[SourceDate "2004.05.04"]

1. d4 d5 2. Nf3 Nc6 3. Bf4 Bf5 4. e3 e6 5. c4 Bd6 6. Bg3 Nge7 7. Nc3 O-O 8. Bh4 dxc4 9. Bxc4 Qd7 10. Rc1 Ng6 11. Bg3 Bxg3 12. hxg3 Bg4 13. Bb5 Qd6 14. a3 Nce7 15. Bd3 c6 16. Qc2 Bxf3 17. gxf3 f5 18. Ke2 b5 19. f4 a5 20. a4 bxa4 21. Nxa4 Rfb8 22. Qc5 Qxc5 23. Rxc5 Rb4 24. Ra1 Nf8 25. Rc2 Nd7 26. Bc4 Kf7 27. f3 h5 28. e4 g5 29. fxg5 Rg8 30. b3 Rxg5 31. Kf2 fxe4 32. fxe4 Rb8 33. Rc3 Ng6 34. Be2 Ke7 35. Rh1 Nf6 36. Bf3 Rf8 37. Nc5 Rxc5 38. Rxc5 Nxe4+ 39. Ke3 Nxc5 40. dxc5 Ne5 41. Bxh5 Nd7 42. Be2 Nxc5 43. Bc4 Rb8 44. Ra1 Nxb3 45. Ra3 Nc5 46. Rxa5 Kd6 47. Ra2 Rb4 48. Rc2 Ra4 1/2-1/2

[Event "Cordoba Open"]
[Site "Cordoba ARG"]
[Date "1995.??.??"]
[Round "?"]
[White "Komarov, Dimitri"]
[Black "Narciso Dublan, Marc"]
[Result "1/2-1/2"]
[WhiteElo "2575"]
[BlackElo "2375"]
[PlyCount "87"]
[EventDate "1995.01.??"]
[Source "www.chesslib.no"]
[SourceDate "2004.05.04"]

1. d4 d5 2. Nf3 Nc6 3. g3 g6 4. Bg2 Bg7 5. O-O e6 6. c3 Nge7 7. Nbd2 f5 8. b4 a6 9. Nb3 e5 10. dxe5 Nxe5 11. Nxe5 Bxe5 12. Bg5 Bxc3 13. Rc1 Bg7 14. Bxd5 Qxd5 15. Rxc7 O-O 16. Bxe7 Qxd1 17. Rxd1 Re8 18. Na5 Be5 19. Bd6 Bf6 20. Nc4 Bd8 21. Nb6 Bxc7 22. Bxc7 Be6 23. Nxa8 Rxa8 24. Rd2 Re8 25. f3 Bc4 26. Kf2 Bb5 27. Bb6 Kf7 28. Bc5 h5 29. e3 Bc6 30. Rd4 Re5 31. Rd2 Rd5 32. Bd4 Rd7 33. Rc2 Ke6 34. a3 Kf7 35. Rc1 g5 36. h3 Kg6 37. Rc5 Rd5 38. Rc1 Rd7 39. Rc5 Rd5 40. Rc1 Rd7 41. h4 g4 42. f4 Rd6 43. Ke1 Kf7 44. Rc5 1/2-1/2

[Event "92. ch-GBR"]
[Site "?"]
[Date "2005.08.10"]
[Round "9"]
[White "Conquest Stuart"]
[Black "Jones Gawain C"]
[Result "1-0"]
[WhiteElo "2503"]
[BlackElo "2442"]
[PlyCount "121"]
[EventDate "2005.??.??"]
[Source "www.chesslib.no"]
[SourceDate "2004.05.04"]

1. d4 d5 2. Nf3 Nc6 3. g3 Bg4 4. Bg2 Bxf3 5. Bxf3 Nf6 6. Bg5 e5 7. Nc3 Nxd4 8. Bxd5 c6 9. Bg2 Be7 10. O-O O-O 11. Bxf6 Bxf6 12. e3 Ne6 13. Qg4 Qb6 14. Rab1 g6 15. b4 Bg7 16. Qc4 a6 17. a4 Rfd8 18. h4 Qc7 19. Bh3 Re8 20. Rfd1 b5 21. Qa2 f5 22. Ne4 Qe7 23. Nc5 Ra7 24. e4 Qf7 25. Nxe6 Rxe6 26. Rd8+ Bf8 27. Rbd1 Rf6 28. Qa1 Re7 29. axb5 axb5 30. Qa8 Kg7 31. exf5 gxf5 32. Qc8 Rc7 33. Qb8 Bxb4 34. Rg8+ Kh6 35. Rg5 Bc5 36. Qd8 Re7 37. Kg2 Bd4 38. Kh2 Rd7 39. Qc8 Rc7 40. Qd8 Rd7 41. Qh8 b4 42. Rd2 Re7 43. Qb8 c5 44. Qb5 c4 45. Qxb4 f4 46. g4 Rb6 47. Qa5 Rg6 48. Rf5 Qe8 49. g5+ Kg7 50. h5 Rd6 51. h6+ Kh8 52. c3 Bb6 53. Qa2 Rd3 54. Rxd3 cxd3 55. Qd5 Bxf2 56. Qxd3 Qa8 57. Qa6 Bg3+ 58. Kg1 Qb8 59. Rxf4 exf4 60. Qf6+ Kg8 61. Be6+ 1-0

[Event "Inv. Tens"]
[Site "?"]
[Date "2003.01.26"]
[Round "9"]
[White "Cebalo Miso"]
[Black "Peek Marcel"]
[Result "1-0"]
[WhiteElo "2527"]
[BlackElo "2417"]
[PlyCount "99"]
[EventDate "2003.??.??"]
[Source "www.chesslib.no"]
[SourceDate "2004.05.04"]

1. d4 d5 2. Nf3 Nc6 3. Bf4 Bg4 4. e3 e6 5. c4 Bb4+ 6. Nc3 Nge7 7. Rc1 O-O 8. h3 Bh5 9. a3 Bxc3+ 10. Rxc3 dxc4 11. Bxc4 Nd5 12. Bxd5 exd5 13. g4 Bg6 14. Nd2 Rc8 15. O-O h5 16. gxh5 Bf5 17. Kh2 Qd7 18. Qf3 Nd8 19. Rg1 f6 20. Rg3 Kf7 21. Bxc7 Be4 22. Qg4 Qxg4 23. hxg4 Ne6 24. Ba5 b6 25. Rxc8 Rxc8 26. Bc3 Rh8 27. f3 Bd3 28. Kg2 f5 29. gxf5 Bxf5 30. e4 Nf4+ 31. Kf2 Be6 32. Ke3 Nxh5 33. Rg1 Nf6 34. Kf4 Rh5 35. Rg2 a5 36. Rg5 Rh4+ 37. Ke5 g6 38. exd5 Bxd5 39. Kd6 Rh5 40. Re5 Rh8 41. Re7+ Kf8 42. Ra7 Rh5 43. Kc7 Rf5 44. Kxb6 Bxf3 45. Nxf3 Rxf3 46. Rxa5 Ne4 47. a4 g5 48. Re5 Nxc3 49. bxc3 Rxc3 50. a5 1-0

[Event "EU-ch 3rd"]
[Site "Batumi"]
[Date "2002.06.15"]
[Round "4"]
[White "Sturua, Zurab"]
[Black "Chibukhchian, Artur"]
[Result "1-0"]
[WhiteElo "2565"]
[BlackElo "2379"]
[PlyCount "115"]
[EventDate "2002.06.12"]
[Source "ChessBase"]
[SourceDate "2002.09.20"]

1. d4 d5 2. Nf3 Nc6 3. Bf4 Bg4 4. Nbd2 e6 5. h3 Bxf3 6. Nxf3 Bd6 7. e3 Nge7 8. Bd3 Ng6 9. Qd2 e5 10. dxe5 Ngxe5 11. Nxe5 Nxe5 12. O-O-O Nxd3+ 13. Qxd3 c6 14. Bxd6 Qxd6 15. e4 Qf4+ 16. Qd2 Qxd2+ 17. Rxd2 O-O-O 18. exd5 Rxd5 19. Rxd5 cxd5 20. Rd1 Rd8 21. Rd3 Kc7 22. Kd2 Kd6 23. Rg3 g6 24. Ra3 a6 25. Rb3 Rd7 26. a4 Ke5 27. a5 h5 28. Rb4 g5 29. g3 f6 30. Kd3 Rc7 31. c3 Rd7 32. Ke3 Rc7 33. Kd3 Rd7 34. Ke3 Rc7 35. h4 Rd7 36. hxg5 fxg5 37. f4+ gxf4+ 38. Rxf4 Rg7 39. Kf3 Rg6 40. Rh4 Rg5 41. Rb4 Rg7 42. Kg2 Kd6 43. Kh3 Kc6 44. Kh4 Rg8 45. Rd4 Rg7 46. Rd3 Rh7 47. Rf3 Kc5 48. Rf5 Kc4 49. Rxh5 Rd7 50. Rh6 d4 51. cxd4 Rxd4+ 52. g4 Kb5 53. Rb6+ Kxa5 54. Rxb7 Ka4 55. Kh5 a5 56. b3+ Ka3 57. Rb5 Rb4 58. Rxa5+ 1-0

[Event "FRA Team Ch"]
[Site "France"]
[Date "1991.??.??"]
[Round "?"]
[White "Ehlvest, Jaan"]
[Black "Dubois, Jean-Marie"]
[Result "1-0"]
[WhiteElo "2650"]
[BlackElo "2285"]
[PlyCount "73"]
[EventDate "1991.??.??"]
[Source "www.chesslib.no"]
[SourceDate "2004.05.04"]

1. d4 d5 2. Nf3 Nc6 3. Bg5 Nf6 4. Bxf6 gxf6 5. e3 Bg4 6. Be2 e6 7. O-O Ne7 8. c4 c6 9. Nc3 dxc4 10. a4 Ng6 11. Nd2 Bxe2 12. Qxe2 f5 13. a5 Bg7 14. Nxc4 O-O 15. a6 b6 16. g3 Qe7 17. Rfd1 Rfd8 18. Qc2 Rd7 19. Rd3 Rad8 20. Rad1 c5 21. dxc5 Rxd3 22. Rxd3 Rxd3 23. Qxd3 Qxc5 24. Qd8+ Bf8 25. Na3 Qa5 26. Qc8 Ne5 27. Nc2 b5 28. b4 Qb6 29. Nd4 Kg7 30. Qb7 Nc4 31. Ncxb5 Bxb4 32. Nxa7 Bd6 33. Ndc6 Kf6 34. Qxb6 Nxb6 35. Nd4 Bb8 36. Nab5 Nc8 37. Nc6 1-0

[Event "Memorial R.Nezhmetdinov (open)"]
[Site "Kazan (Russia)"]
[Date "2007.06.08"]
[Round "8"]
[White "Akhmadeev Vadim (RUS)"]
[Black "Zablotsky Sergei (RUS)"]
[Result "1/2-1/2"]
[WhiteElo "2430"]
[BlackElo "2500"]
[PlyCount "83"]
[EventDate "2007.??.??"]
[Source "www.chesslib.no"]
[SourceDate "2004.05.04"]

1. d4 d5 2. Nf3 Nc6 3. Bf4 Bg4 4. e3 e6 5. h3 Bh5 6. c4 Nf6 7. Nc3 Be7 8. Be2 O-O 9. cxd5 Nxd5 10. Nxd5 Qxd5 11. O-O Rac8 12. Qa4 a6 13. Rac1 Rfd8 14. Rfd1 Bd6 15. Bh2 Bxh2+ 16. Kxh2 Qd6+ 17. Kh1 Qb4 18. Qxb4 Nxb4 19. a3 Bxf3 20. Bxf3 Nd5 21. Rc5 Kf8 22. Rdc1 c6 23. g3 Ke7 24. e4 Nb6 25. d5 cxd5 26. exd5 Rxc5 27. Rxc5 exd5 28. Kg2 Kd6 29. Rc3 Rd7 30. Rd3 g6 31. h4 Re7 32. Kf1 a5 33. b3 Rc7 34. Ke2 Rc2+ 35. Ke3 Ra2 36. a4 Rc2 37. Bd1 Rc5 38. g4 Nd7 39. Kd2 Ne5 40. Rd4 f6 41. f4 Nc6 42. Rd3 1/2-1/2

[Event "Espace Charenton"]
[Site "?"]
[Date "2005.07.12"]
[Round "3"]
[White "Bagheri Amir"]
[Black "Zaragatski Ilja"]
[Result "1-0"]
[WhiteElo "2537"]
[BlackElo "2389"]
[PlyCount "112"]
[EventDate "2005.??.??"]
[Source "www.chesslib.no"]
[SourceDate "2004.05.04"]

1. d4 d5 2. Nf3 Nc6 3. e3 Bg4 4. h3 Bh5 5. c4 e6 6. Nc3 Nf6 7. g4 Bg6 8. Nh4 Bb4 9. Nxg6 hxg6 10. f3 e5 11. c5 exd4 12. exd4 O-O 13. Kf2 Bxc3 14. bxc3 b6 15. cxb6 axb6 16. h4 Na5 17. Bd3 Nc4 18. Bg5 Re8 19. Qc1 Qd6 20. h5 gxh5 21. Bf4 Qa3 22. g5 Qxc1 23. Raxc1 Rxa2+ 24. Kg3 Nd7 25. Rxh5 g6 26. Rh4 Ne3 27. Rch1 Rg2+ 28. Kh3 Rf2 29. Rh8+ Kxh8 30. Kg3+ Kg8 31. Kxf2 Nf5 32. Bb5 Rd8 33. Bxc7 Rc8 34. Bf4 Nf8 35. Be5 Ng7 36. c4 dxc4 37. d5 c3 38. Bc6 c2 39. Rc1 Nfe6 40. Rxc2 Nxg5 41. Rb2 Nf5 42. Rxb6 Ne7 43. Bf6 Nxc6 44. Rxc6 Rxc6 45. dxc6 Ne6 46. Bd8 Kg7 47. c7 Nxc7 48. Bxc7 g5 49. Ke3 Kg6 50. Ke4 f5+ 51. Ke5 f4 52. Ke4 Kh5 53. Kf5 Kh4 54. Bxf4 Kh5 55. Ke5 Kg6 56. Ke4 Kh5 1-0

[Event "CRO-ch team"]
[Site "?"]
[Date "1999.09.18"]
[Round "9"]
[White "Pinter Jozsef"]
[Black "Ljubicic Filip"]
[Result "1-0"]
[WhiteElo "2556"]
[BlackElo "2370"]
[PlyCount "52"]
[EventDate "1999.??.??"]
[Source "www.chesslib.no"]
[SourceDate "2004.05.04"]

1. d4 d5 2. Nf3 Nc6 3. Bf4 Bg4 4. e3 e6 5. Be2 Bxf3 6. Bxf3 Bd6 7. Bg3 h5 8. c3 h4 9. Bxd6 Qxd6 10. Nd2 Nf6 11. Qb3 O-O-O 12. O-O-O e5 13. h3 Rhe8 14. Qa4 exd4 15. cxd4 Qb4 16. Qc2 Qb5 17. a3 Rd6 18. Qb1 Ne7 19. Rhe1 Ra6 20. Be2 Qa5 21. Qd3 Qb6 22. e4 dxe4 23. Nxe4 Nxe4 24. Qxe4 f5 25. Qf3 g6 26. Bd3 Qf6 1-0

[Event "Open"]
[Site "Caorle open"]
[Date "1991.??.??"]
[Round "5"]
[White "Van Wely, Loek"]
[Black "Mohr, Georg"]
[Result "1-0"]
[WhiteElo "2460"]
[BlackElo "2465"]
[PlyCount "121"]
[EventDate "1991.??.??"]
[Source "www.chesslib.no"]
[SourceDate "2004.05.04"]

1. d4 d5 2. Nf3 Nc6 3. Bf4 Bf5 4. e3 e6 5. c4 Nb4 6. Na3 dxc4 7. Bxc4 Nd5 8. Bg3 Bb4+ 9. Nd2 Ngf6 10. O-O O-O 11. Rc1 c5 12. Nb5 a6 13. Bxd5 Nxd5 14. e4 axb5 15. exf5 exf5 16. a3 Ba5 17. Rxc5 f4 18. Bh4 Qxh4 19. Rxd5 Bxd2 20. Qxd2 f3 21. Rxb5 fxg2 22. Re1 Rad8 23. Rxb7 Rxd4 24. Qe3 h6 25. Re7 Qf6 26. Re8 Rxe8 27. Qxe8+ Kh7 28. Qe5 Qd8 29. b4 g6 30. b5 Rd5 31. Qe7 Qxe7 32. Rxe7 Rxb5 33. Rxf7+ Kg8 34. Ra7 Rb3 35. Kxg2 g5 36. f3 Kf8 37. Kg3 Rc3 38. a4 Rc4 39. a5 Ra4 40. a6 Kg8 41. Kf2 Ra3 42. Ke2 h5 43. Kd2 g4 44. fxg4 hxg4 45. Kc2 Kf8 46. Kb2 Ra5 47. Kb3 Ke8 48. Kb4 Ra2 49. Kb5 Rb2+ 50. Kc6 Rc2+ 51. Kd5 Ra2 52. Kd6 Ra1 53. Ke5 Kd8 54. Kf4 Ra2 55. Kg3 Kc8 56. Ra8+ Kc7 57. a7 Kb6 58. Rb8+ Kxa7 59. Rb4 Rc2 60. Rxg4 Kb7 61. Rd4 1-0

[Event "Corfu GM Tournament"]
[Site "Corfu"]
[Date "2007.10.04"]
[Round "4.3"]
[White "Shneider, Aleksandr"]
[Black "Bronznik, Valerij"]
[Result "1-0"]
[WhiteElo "2543"]
[BlackElo "2382"]
[PlyCount "39"]
[EventDate "2007.10.01"]
[Source "www.chesslib.no"]
[SourceDate "2004.05.04"]

1. d4 d5 2. Nf3 Nc6 3. g3 Bg4 4. Bg2 e6 5. O-O Bd6 6. c4 Nf6 7. cxd5 Nxd5 8. e4 Nb6 9. b3 O-O 10. Bb2 f5 11. h3 Bh5 12. Nbd2 Be7 13. a3 a5 14. Qc2 Kh8 15. Rfe1 Bf6 16. Qc3 fxe4 17. Rxe4 Nd5 18. Qc4 Nb6 19. Qc5 Be7 20. Qc1 1-0

[Event "SWE Ch"]
[Site "Malmo SWE"]
[Date "1986.??.??"]
[Round "?"]
[White "Schussler, Harry"]
[Black "Hector, Jonny"]
[Result "1/2-1/2"]
[WhiteElo "2455"]
[BlackElo "2465"]
[PlyCount "147"]
[EventDate "1986.07.??"]
[Source "www.chesslib.no"]
[SourceDate "2004.05.04"]

1. d4 d5 2. Nf3 Nc6 3. Bf4 Bg4 4. e3 e6 5. c4 Bb4+ 6. Nc3 Nge7 7. Rc1 O-O 8. Bd3 Ng6 9. h3 Bxf3 10. Qxf3 dxc4 11. Bxc4 Nxd4 12. Qxb7 Nxf4 13. exf4 Rb8 14. Qe4 Ba5 15. b3 Qf6 16. Qe5 Qxe5+ 17. fxe5 Nb5 18. Bxb5 Rxb5 19. O-O Rxe5 20. Rfd1 Rc8 21. Na4 Kf8 22. Rc4 Ke7 23. Kf1 Rd8 24. Rdc1 Rd2 25. b4 Bb6 26. Nxb6 cxb6 27. R4c2 Rxc2 28. Rxc2 Kd7 29. Rc3 a5 30. bxa5 Rxa5 31. Rd3+ Kc6 32. Rc3+ Rc5 33. Ra3 Kb7 34. Rf3 f5 35. g4 g6 36. gxf5 gxf5 37. Rg3 Rc7 38. Re3 Re7 39. Re5 Kc6 40. a4 Kd6 41. Rb5 Rb7 42. a5 Kc6 43. Re5 Re7 44. axb6 Kxb6 45. f3 Kc6 46. Kf2 Kd6 47. Ra5 Rg7 48. Ra4 h6 49. Ra8 Ke5 50. Rh8 Rg6 51. Ke3 f4+ 52. Kf2 Kf5 53. Rf8+ Rf6 54. Rg8 e5 55. h4 Ra6 56. h5 Rf6 57. Ke2 Ke6 58. Rh8 Kd5 59. Kf2 Ra6 60. Rd8+ Ke6 61. Rh8 Kf5 62. Rg8 Rc6 63. Kf1 Ke6 64. Kf2 Kf7 65. Rh8 Rf6 66. Rh7+ Kg8 67. Re7 Rf5 68. Ke2 Kf8 69. Rh7 Rxh5 70. Kd3 Kg8 71. Re7 Kf8 72. Rh7 Rh1 73. Ke4 Kg8 74. Re7 1/2-1/2

[Event "Tirnavia-A"]
[Site "Trnava SVK"]
[Date "1980.??.??"]
[Round "2"]
[White "Plachetka, Jan"]
[Black "Klaric, Zlatko"]
[Result "0-1"]
[WhiteElo "2480"]
[BlackElo "2430"]
[PlyCount "82"]
[EventDate "1980.03.??"]
[Source "www.chesslib.no"]
[SourceDate "2004.05.04"]

1. d4 d5 2. Nf3 Nc6 3. Bf4 Bg4 4. e3 e6 5. Nbd2 Bd6 6. Bg3 Bxg3 7. hxg3 Nf6 8. c3 Qd6 9. Qa4 O-O 10. Bb5 Nd7 11. c4 Ncb8 12. cxd5 exd5 13. Bd3 h6 14. O-O Nf6 15. Qb3 Bxf3 16. gxf3 b6 17. Rac1 c5 18. Qa3 Nbd7 19. Nb3 Rfc8 20. e4 dxe4 21. fxe4 Ng4 22. e5 Qd5 23. Nd2 Qxd4 24. Nf3 Qd5 25. Bc4 Qc6 26. Rfe1 Re8 27. Qc3 b5 28. e6 fxe6 29. Nd4 cxd4 30. Qxd4 bxc4 31. Rxc4 Qf3 32. Qxg4 Qxg4 33. Rxg4 Nf6 34. Ra4 e5 35. Rc1 Re7 36. b4 e4 37. Rc3 Rb8 38. a3 Kf7 39. Ra5 Kf8 40. Kg2 Kf7 41. Rc6 Kg6 0-1